It looks like you're offline.
Open Library logo
additional options menu

MARC record from Internet Archive

LEADER: 01286cam a22003494a 4500
001 2009464243
003 DLC
005 20140422075125.0
008 090629s2009 mdua b 000 0 eng d
010 $a 2009464243
020 $a1558102647 (pbk.)
020 $a9781558102644 (pbk.)
035 $a(OCoLC)ocn316146091
040 $aYDXCP$cYDXCP$dCOU$dDLC
042 $alccopycat
043 $an-us---
050 00 $aRT85.5$b.S87 2009
082 00 $a610.73028/9$222
245 00 $aSustained improvement in nursing quality :$bhospital performance on NDNQI indicators, 2007-2008 /$cNancy Dunton, Isis Montalvo, editors.
260 $aSilver Spring, Md. :$bAmerican Nurses Association,$c2009.
300 $axi, 186 p. :$bill. ;$c28 cm.
500 $a"First printing January 2009."
504 $aIncludes bibliographical references.
650 0 $aNursing$zUnited States$xQuality control.
650 0 $aHospitals$zUnited States$xQuality control.
650 12 $aNursing Process$xstandards$zUnited States.
650 12 $aQuality Assurance, Health Care$xstandards$zUnited States.
650 22 $aHospitals$xstandards$zUnited States.
650 22 $aQuality Indicators, Health Care$zUnited States.
700 1 $aDunton, Nancy.
700 1 $aMontalvo, Isis.
710 2 $aAmerican Nurses Association.